| 000 | 00888cam a22002531a 4500 | ||
|---|---|---|---|
| 001 | 74448 | ||
| 003 | BD-RjUL | ||
| 005 | 20211209082543.0 | ||
| 008 | 711216s1964 txua b 000 0 eng | ||
| 035 | _a(BD-RjUL)74666 | ||
| 040 |
_aDLC _cDLC _dDLC _beng |
||
| 041 | _aeng | ||
| 082 | 0 | 0 |
_a658.4 _223 _bBLM 1964 |
| 100 | 1 |
_aBlake, Robert R. _q(Robert Rogers), _d1918-2004. _9222971 |
|
| 245 | 1 | 4 |
_aThe managerial grid: key orientations for achieving production through people _c[by] Robert R. Blake [and] Jane S. Mouton. |
| 260 |
_aHouston, Tex.: _bGulf Pub. Co., _c[1964] |
||
| 300 |
_axii, 340 p. _bill. _c24 cm. |
||
| 500 | _aRev. edition (c1978) published under title: The new managerial grid. | ||
| 504 | _aIncludes bibliographies. | ||
| 650 | 0 |
_aIndustrial management. _9222972 |
|
| 700 | 1 |
_aMouton, Jane Srygley, _ejoint author. _9222973 |
|
| 942 |
_2ddc _cBK |
||
| 999 |
_c74448 _d74448 |
||